Coal fields of Grand Mesa and the West Elk Mountains, Colorado, (Record no. 25150)

MARC details
000 -LEADER
fixed length control field 00831cam a22002411 4500
001 - CONTROL NUMBER
control field gs 12000336
003 - CONTROL NUMBER IDENTIFIER
control field DLC
005 - DATE AND TIME OF LATEST TRANSACTION
control field 20260227111313.0
008 - FIXED-LENGTH DATA ELEMENTS--GENERAL INFORMATION
fixed length control field 760204s1912 dcu f000 0 eng
010 ## - LIBRARY OF CONGRESS CONTROL NUMBER
LC control number gs 12000336
035 ## - SYSTEM CONTROL NUMBER
System control number (OCoLC)1966401
040 ## - CATALOGING SOURCE
Original cataloging agency DLC
Transcribing agency IDeKN
Modifying agency OCoLC
-- DLC
050 00 - LIBRARY OF CONGRESS CALL NUMBER
Classification number QE75
Item number .B9 no. 510
100 1# - MAIN ENTRY--PERSONAL NAME
Personal name Lee, Willis T.
Fuller form of name (Willis Thomas),
Dates associated with a name 1864-1926.
245 00 - TITLE STATEMENT
Title Coal fields of Grand Mesa and the West Elk Mountains, Colorado,
Statement of responsibility, etc. by Willis T. Lee.
260 ## - PUBLICATION, DISTRIBUTION, ETC.
Place of publication, distribution, etc. Washington,
Name of publisher, distributor, etc. Government print. off.,
Date of publication, distribution, etc. 1912.
300 ## - PHYSICAL DESCRIPTION
Extent 237 p.
Other physical details illus., plates, map (in pocket) diagrs.
Dimensions 24 cm.
490 0# - SERIES STATEMENT
Series statement U.S. Geological survey. Bulletin 510
500 ## - GENERAL NOTE
General note At head of title: Department of the Interior.
500 ## - GENERAL NOTE
General note Title vignette.
650 #0 - SUBJECT ADDED ENTRY--TOPICAL TERM
Topical term or geographic name entry element Coal mines and mining
Geographic subdivision Colorado.
650 #0 - SUBJECT ADDED ENTRY--TOPICAL TERM
Topical term or geographic name entry element Coal
Geographic subdivision Colorado.

No items available.

Powered by Koha